Landen die grenzen aan Rusland - Statistieken

Algemene statistieken
  • Deze quiz is 60 keer genomen
  • De gemiddelde score is 13 van 14
Antwoordstatistieken
Antwoord % Correct
China
100%
Mongolië
100%
Litouwen
98%
Wit-Rusland
98%
Estland
96%
Finland
96%
Kazachstan
96%
Letland
96%
Noord-Korea
96%
Oekraïne
96%
Georgië
91%
Azerbeidzjan
85%
Noorwegen
83%
Polen
78%
Geen overeenkomende quizzen gevonden
Scoreverdeling
Procent van Mensen met Elke Score
Percentiel versus Aantal Correcte Antwoorden
Uw Scoregeschiedenis
U heeft deze quiz nog niet genomen